00806 2200277 4500001002100000005001700021008004100038020002200079035002400101082001200125090002400137100002100161245012900182250001100311260003200322300002900354650002300383700001500406700002000421700001900441850001600460980001400476985000600490999001600496999001600512YOGYA-0209000006896220090227093148.0 ind  a978-979-3734-03-3 0010-020900000068962 a001.403 a001.403bMak KlDEP aMAKHFUDZ, Irkham aKamus penelitian istilah-istilah KTI Skripsi dan tesiscIrcham Machfoedz, Sujiyatini, Hesty Widyasih ; editor, Isnawan Dwi P aCet. 3 aYogyakartabFitramayac2008 avi, 114 hlmbilusc18 cm aPenelitian - Kamus aSujiyatini aWidyasih, Hesty aDwi P, Isnawan aYOPDYOG (M) a11-6-2008 a2 a080133CBD11 a080134CBD11